Loading...

Shobha at sixty/

Bibliographic Details
Main Author: Shobha De
Other Authors: Kambhani C (tr.)
Format: Printed Book
Published: Kottayam: D C Books, 2012.
Subjects:
LEADER 00570nam a22001817a 4500
020 |a 9788126436255 
082 |a M 158.1  |b SHO/S 
100 |a Shobha De 
245 |a Shobha at sixty/  |c by Shobha De; translated by Kambhani C. 
260 |a Kottayam:  |b D C Books,  |c 2012. 
300 |a 230p. 
600 |a  Shobha De 
650 |a Self Help 
650 |a Psychology 
700 |a  Kambhani C (tr.) 
942 |c BK 
999 |c 57229  |d 57229 
952 |0 0  |1 0  |4 0  |6 M_158_100000000000000_SHO_S  |7 0  |9 80401  |a SSUS  |b SSUS  |c STACKS  |d 2015-11-13  |g 130.00  |o M 158.1 SHO/S  |p 075431  |r 2016-07-20  |w 2015-11-13  |y BK